| 000 | 00463nam a2200169Ia 4500 | ||
|---|---|---|---|
| 008 | 240729s9999 xx 000 0 und d | ||
| 022 | _a1439-040X | ||
| 245 | 0 | _aJournal of Applied Botany and Food Quality | |
| 260 | _aGermany | ||
| 260 | _bJulius Kühn-Institut | ||
| 650 | _a Botany | ||
| 650 | _a Plant culture | Science | ||
| 650 | _aAgriculture | ||
| 856 | _uhttps://doaj.org/toc/c5afb68247cb4e07a621e8fa90b10c5f | ||
| 942 | _2ddc | ||
| 942 | _cDOAJEJ | ||
| 999 |
_c68110 _d68110 |
||
| 945 |
_a1 _bMadushi Gamage _c1 _dMadushi Gamage |
||